00738nmc a2200229 a 4500003000900000005001700009008004100026020001800067040001300085100002700098245003500125250001200160260013400172300001600306490005300322650002900375650001300404650002800417650001400445650002600459650002300485AR-BaBNM20251128210257.0199019s1996 ||||||||||||||000 | spa|| a968-842-564-8 cAR-BaBNM1 aSantoni Rugiu, Antonio10aNostalgia del maestro artesano a2ª ed. aMéxico, D.F.bUniversidad Nacional Autónoma de México. Centro de Estudios Sobre la UniversidadbMiguel Angel Porrúac19960 a287 p.bil. 0aProblemas educativos de México. Los clásicos 4aHISTORIA DE LA EDUCACION 4aDOCENTES 4aRELACION ALUMNO-DOCENTE 4aARTESANOS 4aPRODUCCION INDUSTRIAL 4aEDUCACION DE MASAS